The Philippine revolution and beyond : (Record no. 8084)

MARC details
000 -LEADER
fixed length control field 01971nam a22004337i 4500
001 - CONTROL NUMBER
control field 197089
003 - CONTROL NUMBER IDENTIFIER
control field URS
005 - DATE AND TIME OF LATEST TRANSACTION
control field 20220117094907.0
008 - FIXED-LENGTH DATA ELEMENTS--GENERAL INFORMATION
fixed length control field 161010b xxu||||| |||| 00| 0 eng d
010 ## - LIBRARY OF CONGRESS CONTROL NUMBER
LC control number 98948121
020 ## - INTERNATIONAL STANDARD BOOK NUMBER
International Standard Book Number 9719201819 (v. 1)
020 ## - INTERNATIONAL STANDARD BOOK NUMBER
International Standard Book Number 9719201827 (v. 2)
040 ## - CATALOGING SOURCE
Original cataloging agency DLC
Description conventions rda
Transcribing agency URSP-College Library
Modifying agency DLC
Language of cataloging eng
042 ## - AUTHENTICATION CODE
Authentication code lcode
043 ## - GEOGRAPHIC AREA CODE
Geographic area code a-ph
050 00 - LIBRARY OF CONGRESS CALL NUMBER
Classification number DS676
Item number P19 1998
082 ## - DEWEY DECIMAL CLASSIFICATION NUMBER
Classification number 959.9
Item number P19 1998
100 1# - MAIN ENTRY--PERSONAL NAME
Personal name Ordonez, Elmer A.
111 2# - MAIN ENTRY--MEETING NAME
Meeting name or jurisdiction name as entry element International Conference on the Centennial of the 1896 Philippine Revolution
Date of meeting (1996 :
Location of meeting Manila, Philippines)
245 14 - TITLE STATEMENT
Title The Philippine revolution and beyond :
Remainder of title papers from the International Conference on the Centennial of the 1896 Philippine Revolution /
Statement of responsibility, etc. Elmer A. Ordoñez, editor ; Bernardita Reyes Churchill, Serafin D. Quiason, Samuel K. Tan, editorial consultants.
246 30 - VARYING FORM OF TITLE
Title proper/short title Papers from the International Conference on the Centennial of the 1896 Philippine Revolution
264 #1 - PRODUCTION, PUBLICATION, DISTRIBUTION, MANUFACTURE, AND COPYRIGHT NOTICE
Place of production, publication, distribution, manufacture Manila, Philippines :
Name of producer, publisher, distributor, manufacturer Philippine Centennial Commission [and] National Commission for Culture and the Arts,
Date of production, publication, distribution, manufacture, or copyright notice 1998.
300 ## - PHYSICAL DESCRIPTION
Extent 2 volume ;
Dimensions 26cm
336 ## - CONTENT TYPE
Content type term text
Content type code txt
Source rdacontent
337 ## - MEDIA TYPE
Media type term unmediated
Media type code n
Source rdamedia
338 ## - CARRIER TYPE
Carrier type term volume
Carrier type code nc
Source rdacarrier
500 ## - GENERAL NOTE
General note Includes
504 ## - BIBLIOGRAPHY, ETC. NOTE
Bibliography, etc. note Includes bibliographical references and index.
651 #0 - SUBJECT ADDED ENTRY--GEOGRAPHIC NAME
Geographic name Philippines
General subdivision History
Chronological subdivision Revolution, 1896-1898
Form subdivision Congresses.
651 #0 - SUBJECT ADDED ENTRY--GEOGRAPHIC NAME
Geographic name Philippines
General subdivision History
Chronological subdivision Philippine American War, 1899-1902
Form subdivision Congresses.
700 1# - ADDED ENTRY--PERSONAL NAME
Personal name Ordoñez, Elmer A.
710 2# - ADDED ENTRY--CORPORATE NAME
Corporate name or jurisdiction name as entry element National Centennial Commission (Philippines).
710 2# - ADDED ENTRY--CORPORATE NAME
Corporate name or jurisdiction name as entry element National Commission on Culture and the Arts (Philippines)
906 ## - LOCAL DATA ELEMENT F, LDF (RLIN)
a 7
b cbc
c origode
d 2
e ncip
f 19
g y-gencatlg
942 ## - ADDED ENTRY ELEMENTS (KOHA)
Source of classification or shelving scheme Dewey Decimal Classification
Koha item type Filipiniana
Holdings
Withdrawn status Source of classification or shelving scheme Damaged status Not for loan Collection code Home library Current library Shelving location Date acquired Source of acquisition Total Checkouts Full call number Barcode Date last seen Copy number Price effective from Koha item type
  Library of Congress Classification     Non-fiction Pililla College Library Pililla College Library General Stacks 10/10/2016 purchased   959.9 P19 1998 URSPIL-1685 10/10/2016 1 10/10/2016 Filipiniana
  Library of Congress Classification       Rodriguez College Library Rodriguez College Library   05/16/2017     DS678 P5383 1998 URSROD-3308 05/16/2017   05/16/2017 Filipiniana
  Library of Congress Classification     Non-fiction Tanay College Library Tanay College Library General Stacks 02/01/2017     DS676 .P5383 1998 URSTAN-15447 04/17/2017   10/25/2016 Filipiniana
  Library of Congress Classification     Non-fiction Tanay College Library Tanay College Library General Stacks 02/01/2017     DS676 .P5383 1998 URSTAN-15445 04/17/2017   02/01/2017 Filipiniana
  Library of Congress Classification     Non-fiction Tanay College Library Tanay College Library General Stacks 02/01/2017     DS676 .P5383 1998 URSTAN-D1150 07/10/2017   02/01/2017 Filipiniana

University of Rizal System
Email us at univlibservices@urs.edu.ph

Visit our Website www.urs.edu.ph/library